000 01102 a2200217 4500
001 24792
005 20260407155530.0
008 260407a2000 arg spa d
003 AR-UNSa-BCEJYS
040 _aAR-UNSa-BCEJYS
_bspa
_cAR-UNSa-BCEJYS
080 _a657.31
_xPresupuestos. Previsiones. Planes financieros. Estado de flujo de efectivo
245 1 0 _aEstado de origen y aplicación de fondos
_pEstado de flujo de caja. Fundamentos conceptuales, metodológicos y de aplicación
020 _a987-98311-0-1
264 1 _aBuenos Aires :
_bFormación y Capacitación en Ciencias Económicas (FOCACE)
_c2000
300 _a428 p.
_c23 cm.
505 _a1. Aspectos introductorios - 2. Metodología general - 3. Orígenes de fondos - 4. Aplicaciones de fondos - 5. Gastos e ingresos que no significan aplicaciones u orígenes - 6. Caso práctico resumen.
942 _cBK
590 _aniveau_biblio:m niveau_hierar:0
100 1 _aSenderovich, Pablo David
856 4 1 _uhttps://biblioeco.unsa.edu.ar/pmb/images/libros/Estadi de Origen y Aplicacion de Fondos-l86632.jpg
_yImagen de portada
_qimage/jpeg
999 _c1225
_d1225